Hướng dẫn ôn thi môn kinh tế chính trị Mác-Lênin

Gespeichert in:
Bibliographische Detailangaben
1. Verfasser: Nguyễn Văn Hảo
Format: Buch
Sprache:Undetermined
Veröffentlicht: H. ĐHQG 2003
Schlagworte:
Tags: Tag hinzufügen
Keine Tags, Fügen Sie den ersten Tag hinzu!
Thư viện lưu trữ: Trung tâm Học liệu Trường Đại học Cần Thơ
LEADER 00537nam a2200193Ia 4500
001 CTU_59190
008 210402s9999 xx 000 0 und d
020 |b 9000 
082 |a 335.4112 
082 |b H108 
100 |a Nguyễn Văn Hảo 
245 0 |a Hướng dẫn ôn thi môn kinh tế chính trị Mác-Lênin 
245 0 |c Nguyễn Văn Hảo 
260 |a H. 
260 |b ĐHQG 
260 |c 2003 
650 |a marxian economics 
904 |i Minh 
980 |a Trung tâm Học liệu Trường Đại học Cần Thơ